Trivia #7 - General Knowledge 2 - Statistics

General Stats
  • This quiz has been taken 64 times
  • The average score is 6 of 15
Answer Stats
Hint Answer % Correct
What is the smallest country in the world by land area, covering just 44 hectares? Vatican City
89%
Stood atop the Acropolis in Athens, the Parthenon is dedicated to which Greek God/Goddess? Athena
79%
What is it called when the Cardinals lock themselves away to pick a new Pope? Conclave
57%
Better than a birdie! Better than an eagle! This is the name of the score you receive when shooting 3 under par on a single hole. Albatross
46%
Despite rushing for 2000 yards in only 14 games, this former NFL Runningback is most known for running down the 405 Freeway. O.J. Simpson
46%
Vanderbilt University is credited for discovering this most recent addition to the Periodic Table, named after a state in the Southeastern United States? (Will credit both the name of the state and the name of the element) Tennesine/Tennessee
46%
In the popular CBS show Survivor, when you have been voted out, host Jeff Probst before extinguishing your flame states, "The ____ has spoken." Tribe
43%
The alcoholic beverage 4Loko had to remove this from their canned beverages after it caused several drinkers to experience heart attacks Caffeine
32%
Göbekli Tepe is considered the oldest standing man-made structure in the world. What country is it located in? Turkey
32%
P&G is a popular retail brand that has their name attached to products like Dawn dish soap,Vicks, and Febreeze. What doe P&G stand for? Procter & Gamble
30%
Odysseus' wife's name is.... Penelope
25%
While there have been over 100 adaptations of this author's works, he has only made cameo appearances in 9 of them. Stephen King
25%
This city in the Northeast US is considered the "Insurance Capital of the World" Hartford
23%
Which 1916 event, a pivotal moment in Ireland’s struggle for independence from British rule, saw rebels seize key buildings in Dublin, including the General Post Office, before being suppressed and publicly executed by British occupants? Easter Rising
18%
This singer's real name is Kayleigh Rose Amstutz. Chappell Roan
16%
No matching quizzes found
Score Distribution
Percent of People with Each Score
Percentile by Number Answered
Your Score History
You have not taken this quiz